000 00595nam a2200181 i 4500
001 74216
003 ES-MaACL
005 20230906172044.0
007 t|
008 040916s1963 sp ||||1| spa d
080 _a910.4:656.61.085.3(261.28 Cantábrico)
100 1 _aGonzález Echegaray, Rafael.
_958610
245 1 0 _aNaufragios en la costa de Cantabria :
_b1834-1960 /
_cRafael González Echegaray.
260 _aSantander :
_b[s.n.,
_c1963] (
_fGráf. Hermanos Bedia)
300 _a712 p., 15 lám. ;
_c25 cm.
650 4 _aNaufragios-
_zCantábrico.
_9174121
852 4 _aES-MaACL
_jC-22823
999 _c74216
_d74216